The meaning and role of cultural symbols in the Slovak society bakalárska práca

Salvato in:
Dettagli Bibliografici
Autore principale: Čechová, Zuzana
Ente Autore: Fakulta aplikovaných jazykov EU v Bratislave. Katedra interkultúrnej komunikácie
Altri autori: Hrivíková, Tatiana, 1959-
Natura: Libro
Lingua:inglese
Pubblicazione: Bratislava 2015
Tags: Aggiungi Tag
Nessun Tag, puoi essere il primo ad aggiungerne!!

MARC

LEADER 00000nbm a2200000 4500
001 0202017
005 20161212094209.1
041 0 |a eng 
044 |a SK 
245 1 0 |a The meaning and role of cultural symbols in the Slovak society  |b bakalárska práca  |c Zuzana Čechová ; školiteľ: Tatiana Hrivíková 
264 1 |a Bratislava  |c 2015 
300 |a 42 s. 
100 1 |a Čechová, Zuzana 
700 1 |a Hrivíková, Tatiana, 1959- 
710 2 |a Fakulta aplikovaných jazykov EU v Bratislave. Katedra interkultúrnej komunikácie